[Event "Maringa op"]
[Site "Maringa"]
[Date "2011.07.03"]
[Round "7"]
[White "Bandeira, Tarciano Elias"]
[Black "Cathcart, Jessica"]
[Result "1-0"]
[WhiteElo "2166"]
[BlackElo "1872"]
[PlyCount "112"]
[EventDate "2011.06.30"]
[EventType "swiss"]
[EventRounds "7"]
[EventCountry "BRA"]
[SourceTitle "EXT 2014"]
[Source "ChessBase"]
[SourceDate "2013.11.20"]
[SourceVersion "1"]
[SourceVersionDate "2013.11.20"]
[SourceQuality "1"]

1. e4 d6 2. d4 Nf6 3. Bc4 g6 4. Nc3 Bg7 5. Nf3 0-0 6. h3 Nxe4 7. Nxe4 d5 8. Bd3 dxe4 9. Bxe4 Nd7 10. c3 c5 11. Be3 cxd4 12. Bxd4 Bxd4 13. Qxd4 Nf6 14. Bc2 Qxd4 15. Nxd4 e5 16. Nf3 Nd7 17. 0-0-0 f6 18. Rd6 Kg7 19. Rhd1 Rf7 20. b4 Nb6 21. Bb3 Rd7 22. a4 Rc7 23. a5 Nd7 24. Kb2 b6 25. Bd5 Rb8 26. Rc6 Rxc6 27. Bxc6 Nf8 28. axb6 Rxb6 29. b5 Bb7 30. Rd6 Bxc6 31. Rxc6 Rxb5+ 32. Ka3 Rb7 33. Nd2 Nd7 34. Ne4 a5 35. Ka4 Ra7 36. c4 f5 37. Nd6 Nb8 38. Rc8 Nd7 39. c5 Kf6 40. Nc4 Ke7 41. c6 Nf8 42. c7 Kd7 43. Rxf8 Rxc7 44. Rf7+ Kc8 45. Rxc7+ Kxc7 46. Nxe5 Kd6 47. f4 Ke6 48. Kxa5 Kf6 49. h4 h6 50. Kb5 g5 51. g3 gxf4 52. gxf4 h5 53. Kc5 Ke6 54. Kc6 Ke7 55. Kd5 Kf6 56. Kd6 Kg7 1-0

[Event "BRA-ch U20 Girls"]
[Site "Campinas"]
[Date "2011.04.24"]
[Round "7"]
[White "Sena Moura, Danielle"]
[Black "Cathcart, Jessica"]
[Result "0-1"]
[WhiteElo "1917"]
[BlackElo "1872"]
[PlyCount "84"]
[EventDate "2011.04.21"]
[EventType "swiss"]
[EventRounds "8"]
[EventCountry "BRA"]
[SourceTitle "CBM 142 Extra"]
[Source "ChessBase"]
[SourceDate "2011.06.27"]
[SourceVersion "1"]
[SourceVersionDate "2011.06.27"]
[SourceQuality "1"]

1. d4 g6 2. c4 Bg7 3. Nc3 c5 4. d5 Bxc3+ 5. bxc3 Qa5 6. Bd2 f5 7. h4 Nf6 8. Nf3 d6 9. Qc2 Nbd7 10. e3 Nb6 11. Bd3 Bd7 12. h5 Nxh5 13. Nh4 Rf8 14. Nxf5 Bxf5 15. Bxf5 Rxf5 16. g4 Rf7 17. gxh5 g5 18. Qe4 Qa4 19. Rg1 Rg7 20. f4 g4 21. Qf5 Qd7 22. Qe4 0-0-0 23. f5 g3 24. Ke2 Rg5 25. Qe6 Rdg8 26. Qxd7+ Kxd7 27. e4 Rxh5 28. Rg2 Rh2 29. Rag1 Rxg2+ 30. Rxg2 h5 31. Kf3 Nxc4 32. Bf4 h4 33. a4 Nb6 34. a5 Nc4 35. a6 bxa6 36. Ke2 Ne5 37. Ke3 c4 38. Kd4 Nd3 39. Ke3 Nxf4 40. Kxf4 h3 41. Rxg3 Rxg3 42. Kxg3 a5 0-1

[Event "BRA-ch U20 Girls"]
[Site "Campinas"]
[Date "2011.04.23"]
[Round "5"]
[White "Cathcart, Jessica"]
[Black "Terao, Juliana Sayumi"]
[Result "0-1"]
[WhiteElo "1872"]
[BlackElo "2169"]
[PlyCount "78"]
[EventDate "2011.04.21"]
[EventType "swiss"]
[EventRounds "8"]
[EventCountry "BRA"]
[SourceTitle "CBM 142 Extra"]
[Source "ChessBase"]
[SourceDate "2011.06.27"]
[SourceVersion "1"]
[SourceVersionDate "2011.06.27"]
[SourceQuality "1"]

1. e4 c5 2. Nc3 e6 3. f4 a6 4. a4 Nc6 5. Bc4 Nge7 6. Nf3 d5 7. Ba2 d4 8. Nb1 g6 9. 0-0 Bg7 10. f5 exf5 11. Ng5 Ne5 12. d3 h6 13. exf5 hxg5 14. f6 Bf8 15. fxe7 Bxe7 16. Nd2 Qc7 17. Ne4 Bf5 18. Bxg5 Bxg5 19. Nxg5 0-0-0 20. g3 Ng4 21. Nf3 Nxh2 22. Qe1 Nxf1 23. Qxf1 Qxg3+ 24. Qg2 Qxg2+ 25. Kxg2 f6 26. Kf2 g5 27. Kg3 Rh3+ 28. Kg2 Re8 29. Ng1 Rh6 30. Rf1 Bd7 31. Bd5 Bxa4 32. b3 Bc6 33. Bxc6 bxc6 34. Ra1 Kb7 35. Rc1 f5 36. Nh3 Re2+ 37. Kf1 Re3 38. Nf2 g4 39. Nd1 Rh1+ 0-1